000 00305nam a22001337a 4500
008 171107b xxu||||| |||| 00| 0 eng d
020 _a0829903879
041 _aeng
080 _a330.722.6
100 _a62
101 _aKON
245 _aINTRODUCTION FINANCIAL ACCOUTING
_cHOOPER,P
942 _2udc
_cBK
999 _c37974
_d37974